[Event "Juba olympiad qual"]
[Site "Juba"]
[Date "2022.05.16"]
[Round "9"]
[White "Joseph, Deng Ateny Riak"]
[Black "Madol, Garang Panthoum"]
[Result "0-1"]
[WhiteElo "2023"]
[BlackElo "1851"]
[PlyCount "54"]
[EventDate "2022.05.10"]
[EventType "tourn"]
[EventRounds "11"]
[EventCountry "SUD"]
[SourceTitle "CBM 208 Extra"]
[Source "ChessBase"]
[SourceDate "2022.07.31"]
[SourceVersion "1"]
[SourceVersionDate "2022.07.31"]
[SourceQuality "1"]

1. c4 e5 2. Nc3 Nf6 3. g3 c6 4. Bg2 Bc5 5. h3 0-0 6. e3 d5 7. cxd5 cxd5 8. Nge2 Bb6 9. 0-0 Nc6 10. a3 Bf5 11. Na4 Rc8 12. d3 d4 13. e4 Be6 14. Bg5 Na5 15. Bxf6 Qxf6 16. Nxb6 axb6 17. Nc1 Qh6 18. Kh2 Rc7 19. b4 Nc6 20. Ne2 f5 21. Ng1 f4 22. g4 f3 23. Bxf3 Rcf7 24. Kg2 Qh4 25. Qe2 Ne7 26. Kh1 Ng6 27. Bg2 Rxf2 0-1

[Event "Olympiad-43"]
[Site "Batumi"]
[Date "2018.09.28"]
[Round "5.44"]
[White "Martinez Romero, Martin"]
[Black "Joseph, Deng Ateny Riak"]
[Result "1-0"]
[WhiteElo "2438"]
[BlackElo "2014"]
[PlyCount "95"]
[EventDate "2018.09.24"]
[EventType "team-swiss"]
[EventRounds "11"]
[EventCountry "GEO"]
[SourceTitle "CBM 187"]
[Source "ChessBase"]
[SourceDate "2018.12.11"]
[SourceVersion "1"]
[SourceVersionDate "2018.12.11"]
[SourceQuality "1"]
[WhiteTeam "Colombia"]
[BlackTeam "South Sudan"]
[WhiteTeamCountry "COL"]
[BlackTeamCountry "SUD"]

1. d4 d5 2. Nf3 Nf6 3. c4 e6 4. Nc3 Be7 5. Bf4 c6 6. e3 Nbd7 7. c5 0-0 8. Bd3 Re8 9. 0-0 Nf8 10. h3 Nh5 11. Bh2 f5 12. Ne5 Nf6 13. f3 N6d7 14. e4 Nxe5 15. Bxe5 Ng6 16. Bg3 dxe4 17. fxe4 Qxd4+ 18. Bf2 Qf6 19. exf5 exf5 20. Re1 Be6 21. Qa4 Bf7 22. Rad1 b6 23. cxb6 axb6 24. Qc2 Nh4 25. Bxb6 c5 26. Bc7 c4 27. Bf1 Bc5+ 28. Kh1 Rxe1 29. Rxe1 Qd4 30. Bh2 Rf8 31. Rd1 Qf2 32. Qxf2 Bxf2 33. a4 g5 34. Bd6 Ra8 35. g3 Ng6 36. Bg2 Ra6 37. Bf3 Rb6 38. Nb5 Ra6 39. Kg2 Be3 40. Bb4 Rxa4 41. Rd8+ Kg7 42. Bc3+ Kh6 43. Nd6 Be6 44. Re8 g4 45. Rxe6 gxf3+ 46. Kxf3 f4 47. Nf5+ Kg5 48. h4+ 1-0

[Event "Olympiad-43"]
[Site "Batumi"]
[Date "2018.09.26"]
[Round "3.70"]
[White "Pang, Yui Kuen"]
[Black "Joseph, Deng Ateny Riak"]
[Result "1-0"]
[WhiteElo "1981"]
[BlackElo "2014"]
[PlyCount "86"]
[EventDate "2018.09.24"]
[EventType "team-swiss"]
[EventRounds "11"]
[EventCountry "GEO"]
[SourceTitle "CBM 187"]
[Source "ChessBase"]
[SourceDate "2018.12.11"]
[SourceVersion "1"]
[SourceVersionDate "2018.12.11"]
[SourceQuality "1"]
[WhiteTeam "Hong Kong"]
[BlackTeam "South Sudan"]
[WhiteTeamCountry "HKG"]
[BlackTeamCountry "SUD"]

1. e3 d5 2. b3 Nc6 3. d4 Nf6 4. Nf3 Bg4 5. Be2 e6 6. 0-0 Be7 7. c4 0-0 8. Bb2 Ne4 9. Nc3 f5 10. cxd5 Nxc3 11. Bxc3 exd5 12. h3 Bh5 13. Ne5 Bxe2 14. Qxe2 Nxe5 15. dxe5 f4 16. Qg4 Qc8 17. Qf3 c6 18. e4 dxe4 19. Qxe4 f3 20. Rad1 fxg2 21. Kxg2 Qe6 22. Qg4 Rf5 23. f4 Raf8 24. Rd3 g6 25. Bd2 c5 26. Rc1 Qa6 27. Qf3 Qxa2 28. Qd5+ R8f7 29. Kh1 Qa6 30. b4 cxb4 31. Rc7 Kg7 32. Rxb7 Qa1+ 33. Kg2 Qd1 34. Qe4 Bc5 35. Rxf7+ Rxf7 36. Be1 Qc2+ 37. Kh1 Qc1 38. Rf3 Rd7 39. f5 Rd1 40. f6+ Kg8 41. Rf1 Rd4 42. f7+ Kf8 43. Qa8+ Kg7 1-0